| 000 | 01429cam a2200385 a 4500 | ||
|---|---|---|---|
| 001 | 991006124929706706 | ||
| 003 | ES-BaIT | ||
| 005 | 20260316102620.0 | ||
| 008 | 140317s2014 spc| || 000 f cat| | ||
| 015 |
_aLL2014 _2bnc |
||
| 017 |
_aDL B. 29001-2013 _bBiblioteca de Catalunya |
||
| 020 |
_a9788492405725 _q(cart.) |
||
| 035 | _a(ES-BaCBU).b58898761 | ||
| 035 | _a(OCoLC)892220591 | ||
| 040 |
_aES-BaBC _bcat _cES-BaBC _dES-BaBC |
||
| 041 | 0 |
_acat _bcat _beng |
|
| 080 | _a820-1"16" | ||
| 100 |
_aMilton, John, _d1608-1674 _9155547 |
||
| 245 | 1 | 3 |
_aEl Paradís perdut / _cJohn Milton ; traducció de Josep M. Boix i Selva ; introducció de Rosa Flotats |
| 260 |
_aMartorell : _bAdesiara, _c2014 |
||
| 300 |
_a966 p. ; _c22 cm |
||
| 490 | 1 |
_a Col·lecció D'ací i D'allà ; _v35 |
|
| 500 | _aReimpressions: 2021 | ||
| 546 | _aText en català, poemes en català i anglès | ||
| 650 | 0 |
_aPoesia anglesa _yS. XVII _9169003 |
|
| 700 | 1 |
_aBoix i Selva, J. M. _q(Josep Maria), _d1914-1996 _etrad. _9169004 |
|
| 700 | 1 |
_aFlotats i Crispi, Rosa _9169005 |
|
| 700 | 1 | 2 |
_aMilton, John, _d1608-1674. _tParadise lost _9169006 |
| 700 | 1 | 2 |
_aMilton, John, _d1608-1674. _tParadise lost. _lCatalà _9169007 |
| 830 |
_aD'aci i d'allà (Adesiara Editorial) _9101246 _v 35 |
||
| 907 |
_a.b58898761 _b17-02-21 _c17-03-14 _d17-03-14 _em _fa _g- _hcat _ispc _j0 _k0 |
||
| 908 |
_aBC _aCLR _aUB _aUPF _aUdG |
||
| 940 | _aBC | ||
| 942 |
_2udc _c1 |
||
| 999 |
_c137276 _d137276 |
||